Riconosci la Squadra di calcio - Quiz n°130 - Statistics

Statistiche generali
  • Questo quiz è stato fatto 3 volte
  • Il punteggio medio è 7 su 10
Statistiche sulle risposte
Indizio Risposta % Corretto
Titoli nazionali 4 Titoli d'Inghilterra
100%
Colori sociali Bianco, blu
100%
Simboli Gufo
100%
Divisione nazionale 2023-2024 Seconda
100%
Trofei internazionali 0
67%
Trofei nazionali 3 Coppe d'Inghilterra1 Coppa di Lega inglese 1 Community Shield
67%
Confederazione UEFA
67%
Fondazione 1867
33%
Capienza Stadio 34 835 posti
33%
Squadra Sheffield Wednesday
0%
Nessun quiz corrispondente trovato
Distribuzione punteggi
Percentuale di utenti per punteggio
Percentile per numero di risposta
I tuoi punteggi nel tempo
Non hai fatto questo quiz